[Event "GER-chT U20"]
[Site "Naumburg Saale"]
[Date "2014.12.27"]
[Round "1.1"]
[White "Knopf, Felix"]
[Black "Klek, Hanna Marie"]
[Result "0-1"]
[WhiteElo "2044"]
[BlackElo "2223"]
[PlyCount "62"]
[EventDate "2014.12.27"]
[EventType "team-swiss"]
[EventRounds "7"]
[EventCountry "GER"]
[SourceTitle "EXT 2016"]
[Source "ChessBase"]
[SourceDate "2015.10.08"]
[SourceVersion "1"]
[SourceVersionDate "2015.10.08"]
[SourceQuality "1"]
[WhiteTeam "Merseburg"]
[BlackTeam "Erlangen"]
[WhiteTeamCountry "GER"]
[BlackTeamCountry "GER"]

1. d4 Nf6 2. c4 g6 3. Nc3 Bg7 4. Nf3 0-0 5. e4 d6 6. Be2 Bg4 7. Ng5 Bxe2 8. Qxe2 Nc6 9. Be3 e5 10. d5 Nd4 11. Qd2 c5 12. 0-0 Ng4 13. Nh3 f5 14. Bg5 Qd7 15. f3 Nf6 16. Rab1 Nh5 17. Nf2 Rf7 18. b4 cxb4 19. Rxb4 Rc8 20. Rfb1 b6 21. a4 fxe4 22. fxe4 Rcf8 23. Be3 Nf4 24. a5 Bh6 25. axb6 axb6 26. Rxb6 Nfe2+ 27. Nxe2 Rxf2 28. Bxd4 Rxg2+ 29. Kxg2 Qg4+ 30. Ng3 Bxd2 31. Ba1 Bf4 0-1

[Event "GER-chT North U16"]
[Site "Greifswald"]
[Date "2013.09.15"]
[Round "7.1"]
[White "Knopf, Felix"]
[Black "Voege, Tobias"]
[Result "1-0"]
[WhiteElo "1968"]
[BlackElo "2043"]
[PlyCount "91"]
[EventDate "2013.09.12"]
[EventType "team-swiss"]
[EventRounds "7"]
[EventCountry "GER"]
[SourceTitle "EXT 2014"]
[Source "ChessBase"]
[SourceDate "2013.11.20"]
[SourceVersion "1"]
[SourceVersionDate "2013.11.20"]
[SourceQuality "1"]
[WhiteTeam "Merseburg"]
[BlackTeam "Stade"]
[WhiteTeamCountry "GER"]
[BlackTeamCountry "GER"]

1. d4 d5 2. c4 Nc6 3. Nc3 Nf6 4. Bf4 Bf5 5. e3 e6 6. a3 Be7 7. Nf3 h6 8. h3 Ne4 9. Rc1 0-0 10. Bd3 Rc8 11. 0-0 Nxc3 12. Rxc3 Bxd3 13. Qxd3 Na5 14. cxd5 exd5 15. Nd2 Bd6 16. Bxd6 Qxd6 17. Qb5 b6 18. b4 a6 19. Qa4 Nb7 20. Qxa6 Rb8 21. Rfc1 Rfc8 22. Nf3 f6 23. Nh4 Qd7 24. Nf3 Nd6 25. Qd3 Ne4 26. R3c2 Ra8 27. Nd2 Nd6 28. Qb3 Qf7 29. Rxc7 Rxc7 30. Rxc7 Qxc7 31. Qxd5+ Kh7 32. Qxa8 Qc1+ 33. Nf1 Nc4 34. Qe4+ Kh8 35. Qd3 Nd6 36. Kh2 Qb2 37. Nd2 Qa2 38. Qc3 Nb5 39. Qc8+ Kh7 40. Qf5+ Kh8 41. Qxb5 Qxd2 42. Qf5 Qc3 43. d5 Qxa3 44. d6 Qxb4 45. Qc8+ Kh7 46. Qc7 1-0

[Event "GER-ch U16"]
[Site "Oberhof"]
[Date "2013.05.21"]
[Round "4"]
[White "Bonk, Andras"]
[Black "Knopf, Felix"]
[Result "1-0"]
[WhiteElo "2078"]
[BlackElo "1852"]
[PlyCount "65"]
[EventDate "2013.05.19"]
[EventType "swiss"]
[EventRounds "9"]
[EventCountry "GER"]
[SourceTitle "CBM 154 Extra"]
[Source "ChessBase"]
[SourceDate "2013.06.25"]
[SourceVersion "2"]
[SourceVersionDate "2013.06.25"]
[SourceQuality "1"]

1. e4 c5 2. Ne2 d6 3. g3 g6 4. Bg2 Bg7 5. c3 Nc6 6. d4 cxd4 7. cxd4 Qb6 8. Nbc3 Bg4 9. f3 Bd7 10. Nd5 Qd8 11. 0-0 Nf6 12. Nxf6+ Bxf6 13. Be3 0-0 14. Qd2 Qa5 15. Nc3 b5 16. f4 b4 17. Nd5 Bg7 18. f5 e6 19. f6 exd5 20. fxg7 Rfe8 21. Qf2 Nd8 22. Bg5 f5 23. exf5 gxf5 24. Bxd8 Raxd8 25. g4 Kxg7 26. gxf5 Rg8 27. f6+ Kf7 28. Qh4 Rxg2+ 29. Kxg2 Rg8+ 30. Kh1 Bf5 31. Rxf5 b3 32. Qxh7+ Ke6 33. Rff1 1-0

[Event "GER-ch U16"]
[Site "Oberhof"]
[Date "2013.05.21"]
[Round "5"]
[White "Knopf, Felix"]
[Black "Ott, Florian"]
[Result "1/2-1/2"]
[WhiteElo "1852"]
[BlackElo "2072"]
[PlyCount "103"]
[EventDate "2013.05.19"]
[EventType "swiss"]
[EventRounds "9"]
[EventCountry "GER"]
[SourceTitle "CBM 154 Extra"]
[Source "ChessBase"]
[SourceDate "2013.06.25"]
[SourceVersion "2"]
[SourceVersionDate "2013.06.25"]
[SourceQuality "1"]

1. d4 Nf6 2. Nf3 e6 3. g3 b5 4. Bg2 Bb7 5. 0-0 d5 6. Ne5 Bd6 7. c4 bxc4 8. Nxc4 Be7 9. Qc2 0-0 10. Na5 Ba6 11. Re1 c5 12. Nb3 cxd4 13. Nxd4 Qb6 14. Be3 Bc5 15. Rd1 Ng4 16. Nc3 Nxe3 17. fxe3 Be7 18. e4 Nc6 19. e3 Bg5 20. Nxc6 Qxc6 21. Re1 Rad8 22. exd5 exd5 23. Qf5 Qf6 24. Qxf6 Bxf6 25. Rad1 Bxc3 26. bxc3 Bc4 27. Rd2 Rfe8 28. Kf2 Kf8 29. Red1 Rc8 30. Bxd5 Bxd5 31. Rxd5 Rxc3 32. R1d3 Rc2+ 33. Rd2 Rec8 34. Kf3 Rxd2 35. Rxd2 Rc4 36. Rd4 Rxd4 37. exd4 Ke7 38. Ke4 Kd6 39. g4 h6 40. h4 g6 41. h5 gxh5 42. gxh5 a5 43. d5 a4 44. a3 f5+ 45. Kxf5 Kxd5 46. Kg6 Ke6 47. Kxh6 Kf6 48. Kh7 Kf7 49. h6 Kf8 50. Kg6 Kg8 51. Kf6 Kh7 52. Kg5 1/2-1/2

[Event "GER-chT U14"]
[Site "Lingen"]
[Date "2011.12.28"]
[Round "4.1"]
[White "Beeck, Mats"]
[Black "Knopf, Felix"]
[Result "0-1"]
[WhiteElo "1671"]
[BlackElo "1802"]
[PlyCount "68"]
[EventDate "2011.12.27"]
[EventType "team-swiss"]
[EventRounds "7"]
[EventCountry "GER"]
[SourceTitle "EXT 2022"]
[Source "ChessBase"]
[SourceDate "2021.10.06"]
[SourceVersion "1"]
[SourceVersionDate "2021.10.06"]
[SourceQuality "1"]
[WhiteTeam "Kiel Doppelbauer U14"]
[BlackTeam "Merseburg U14"]
[WhiteTeamCountry "GER"]
[BlackTeamCountry "GER"]

1. e4 c5 2. Nf3 d6 3. d4 cxd4 4. Nxd4 Nf6 5. Nc3 a6 6. Be3 e6 7. f3 Nbd7 8. Qd2 h5 9. 0-0-0 b5 10. Kb1 Bb7 11. Qe1 Rc8 12. Bc1 Qc7 13. Bd3 Nc5 14. a3 Qb6 15. b4 Ncd7 16. Nb3 Ne5 17. Na5 Ba8 18. f4 Nc4 19. Bxc4 bxc4 20. Be3 Qc7 21. Bd4 Rb8 22. Ka1 e5 23. Bf2 Be7 24. f5 0-0 25. h3 Rfd8 26. g4 d5 27. g5 Nxe4 28. Nxe4 dxe4 29. Rxd8+ Bxd8 30. Rg1 Qc8 31. g6 Qxf5 32. Nxc4 fxg6 33. Bc5 Qe6 34. Qf1 Bc7 0-1

[Event "GER-ch Net qual4 U14"]
[Site "Playchess.com INT"]
[Date "2011.05.11"]
[Round "1"]
[White "Golosnyak, Alexander"]
[Black "Knopf, Felix"]
[Result "0-1"]
[WhiteElo "1423"]
[BlackElo "1728"]
[PlyCount "42"]
[EventDate "2011.05.11"]
[EventType "swiss (blitz)"]
[EventRounds "7"]
[EventCountry "GER"]
[SourceTitle "CBM 142 Extra"]
[Source "ChessBase"]
[SourceDate "2011.06.27"]
[SourceVersion "1"]
[SourceVersionDate "2011.06.27"]
[SourceQuality "1"]

1. e4 c5 2. Nf3 d6 3. d4 cxd4 4. Nxd4 Nf6 5. Nc3 a6 6. Be3 Nbd7 7. f3 e6 8. Qd2 h5 9. Be2 Be7 10. 0-0-0 Qc7 11. g4 hxg4 12. fxg4 b5 13. g5 b4 14. gxf6 bxc3 15. Qxc3 Qxc3 16. bxc3 Nxf6 17. Bd3 Bb7 18. Kd2 Nxe4+ 19. Bxe4 Bxe4 20. Rhg1 Rxh2+ 21. Ne2 Bxc2 0-1

[Event "GER-ch Net qual4 U14"]
[Site "Playchess.com INT"]
[Date "2011.05.11"]
[Round "2"]
[White "Knopf, Felix"]
[Black "Donchenko, Alexander"]
[Result "0-1"]
[WhiteElo "1728"]
[BlackElo "2317"]
[PlyCount "68"]
[EventDate "2011.05.11"]
[EventType "swiss (blitz)"]
[EventRounds "7"]
[EventCountry "GER"]
[SourceTitle "CBM 142 Extra"]
[Source "ChessBase"]
[SourceDate "2011.06.27"]
[SourceVersion "1"]
[SourceVersionDate "2011.06.27"]
[SourceQuality "1"]

1. d4 d5 2. c4 dxc4 3. Nc3 a6 4. a4 e6 5. Nf3 Nf6 6. e3 c5 7. Bxc4 Nc6 8. d5 exd5 9. Nxd5 Nxd5 10. Qxd5 Qxd5 11. Bxd5 Nb4 12. Be4 Be7 13. 0-0 f5 14. Bb1 Bf6 15. Ba2 Nxa2 16. Rxa2 Be6 17. Ra3 Ke7 18. Rd1 Rhd8 19. Rad3 Rxd3 20. Rxd3 Rd8 21. Rxd8 Kxd8 22. b3 Bxb3 23. a5 c4 24. Nd2 Ba2 25. Kf1 Bc3 26. Ke2 Bxa5 27. Kf3 c3 28. Nf1 Bd5+ 29. Kf4 g6 30. g4 fxg4 31. Kxg4 b5 32. f3 b4 33. e4 Be6+ 34. Kg5 b3 0-1

[Event "GER-ch Net qual2 U14"]
[Site "Playchess.com INT"]
[Date "2011.05.04"]
[Round "5"]
[White "Fistoul, Boris"]
[Black "Knopf, Felix"]
[Result "0-1"]
[WhiteElo "1449"]
[BlackElo "1735"]
[PlyCount "134"]
[EventDate "2011.05.04"]
[EventType "swiss (blitz)"]
[EventRounds "7"]
[EventCountry "GER"]
[SourceTitle "CBM 142 Extra"]
[Source "ChessBase"]
[SourceDate "2011.06.27"]
[SourceVersion "1"]
[SourceVersionDate "2011.06.27"]
[SourceQuality "1"]

1. d4 d5 2. c4 e6 3. cxd5 exd5 4. Nc3 c6 5. Qc2 Nf6 6. Bg5 Be7 7. e3 Nbd7 8. Bd3 0-0 9. Nge2 Re8 10. 0-0 Nf8 11. f3 h6 12. Bh4 Ne6 13. e4 dxe4 14. fxe4 Nxd4 15. Nxd4 Qxd4+ 16. Bf2 Qd8 17. Rae1 Be6 18. e5 Nd5 19. Nxd5 Bxd5 20. Bf5 Bh4 21. Bh7+ Kh8 22. a3 Qg5 23. Bxh4 Qxh4 24. Bf5 Qd4+ 25. Qf2 Qxf2+ 26. Rxf2 Re7 27. Bg4 Rae8 28. Bh5 Rxe5 29. Rxe5 Rxe5 30. Bg4 Bc4 31. h3 Kg8 32. Rd2 Bd5 33. Bc8 Re7 34. Bg4 Kf8 35. Bf3 Bxf3 36. gxf3 Re3 37. Kf2 Rb3 38. Re2 f6 39. Rd2 Ke7 40. Ke2 Ke6 41. Kf2 c5 42. Kg3 c4 43. Rc2 b5 44. a4 a6 45. axb5 axb5 46. Kf4 g5+ 47. Kg4 f5+ 48. Kg3 h5 49. Re2+ Kf6 50. Rc2 g4 51. hxg4 hxg4 52. Kf2 Rxf3+ 53. Kg2 f4 54. Rf2 Rxf2+ 55. Kxf2 g3+ 56. Kg2 b4 57. Kf3 c3 58. bxc3 bxc3 59. Kxf4 g2 60. Ke3 g1Q+ 61. Kd3 Qc5 62. Kc2 Ke5 63. Kc1 Ke4 64. Kc2 Ke3 65. Kc1 Qa3+ 66. Kc2 Qb2+ 67. Kd1 Qd2# 0-1

[Event "GER-ch Net qual2 U14"]
[Site "Playchess.com INT"]
[Date "2011.05.04"]
[Round "1"]
[White "Knopf, Felix"]
[Black "Dittrich, Tom"]
[Result "1-0"]
[WhiteElo "1735"]
[BlackElo "1439"]
[PlyCount "25"]
[EventDate "2011.05.04"]
[EventType "swiss (blitz)"]
[EventRounds "7"]
[EventCountry "GER"]
[SourceTitle "CBM 142 Extra"]
[Source "ChessBase"]
[SourceDate "2011.06.27"]
[SourceVersion "1"]
[SourceVersionDate "2011.06.27"]
[SourceQuality "1"]

1. d4 Nf6 2. Nf3 d5 3. c4 Bf5 4. Nc3 Nc6 5. Qb3 Rb8 6. cxd5 Nxd5 7. Nxd5 Be6 8. e4 Na5 9. Qa4+ Nc6 10. Nb4 b5 11. Bxb5 Bd7 12. Nxc6 Bxc6 13. Bxc6+ 1-0

[Event "GER-chT U14"]
[Site "Magdeburg"]
[Date "2010.12.29"]
[Round "6.1"]
[White "Sawlin, Leonid"]
[Black "Knopf, Felix"]
[Result "1/2-1/2"]
[WhiteElo "1941"]
[BlackElo "1827"]
[PlyCount "46"]
[EventDate "2010.12.27"]
[EventType "team-swiss"]
[EventRounds "7"]
[EventCountry "GER"]
[SourceTitle "CBM 140 Extra"]
[Source "ChessBase"]
[SourceDate "2011.03.01"]
[SourceVersion "1"]
[SourceVersionDate "2011.03.01"]
[SourceQuality "1"]
[WhiteTeam "Berlin Makkabi"]
[BlackTeam "Merseburg"]
[WhiteTeamCountry "GER"]
[BlackTeamCountry "GER"]

1. e4 c5 2. Nf3 d6 3. d4 cxd4 4. Nxd4 Nf6 5. Nc3 a6 6. Be3 e6 7. f3 Be7 8. Qd2 b5 9. 0-0-0 h5 10. Kb1 Bb7 11. Rg1 Nbd7 12. Bg5 Qc7 13. Bd3 Rc8 14. Rde1 Nc5 15. Nb3 Qb8 16. Nd1 Qc7 17. Nf2 Qd8 18. h4 Nfd7 19. Na5 Ba8 20. Rh1 Bf6 21. f4 Na4 22. Bxf6 Nxf6 23. Nb3 Qc7 1/2-1/2

[Event "GER-ch U14 DEM"]
[Site "Oberhof"]
[Date "2010.05.28"]
[Round "8"]
[White "Galkin, Wladislaw"]
[Black "Knopf, Felix"]
[Result "1-0"]
[WhiteElo "1940"]
[BlackElo "1745"]
[PlyCount "61"]
[EventDate "2010.05.23"]
[EventType "swiss"]
[EventRounds "9"]
[EventCountry "GER"]
[SourceTitle "CBM 136 Extra"]
[Source "ChessBase"]
[SourceDate "2010.07.02"]
[SourceVersion "2"]
[SourceVersionDate "2010.07.15"]
[SourceQuality "1"]

1. d4 d5 2. c4 c6 3. Bf4 Nf6 4. e3 e6 5. cxd5 exd5 6. Bd3 Be7 7. Qc2 0-0 8. Nc3 Nbd7 9. Nf3 Re8 10. 0-0 Nf8 11. h3 Ne6 12. Bg3 c5 13. dxc5 Nxc5 14. Nb5 Nxd3 15. Qxd3 Ne4 16. Bh2 Bf5 17. Qd1 Nd6 18. Nxd6 Bxd6 19. Bxd6 Qxd6 20. Nd4 Bd7 21. Qf3 Re5 22. Rac1 Rg5 23. Rc2 Qh6 24. Kh2 Qd6+ 25. Kh1 Rf8 26. Rfc1 Qh6 27. Rc7 Bg4 28. Qf4 Qh4 29. f3 h5 30. fxg4 hxg4 31. Nf3 1-0

[Event "GER-ch U14 DEM"]
[Site "Oberhof"]
[Date "2010.05.28"]
[Round "7"]
[White "Knopf, Felix"]
[Black "Koop, Thorben"]
[Result "0-1"]
[WhiteElo "1745"]
[BlackElo "1868"]
[PlyCount "80"]
[EventDate "2010.05.23"]
[EventType "swiss"]
[EventRounds "9"]
[EventCountry "GER"]
[SourceTitle "CBM 136 Extra"]
[Source "ChessBase"]
[SourceDate "2010.07.02"]
[SourceVersion "2"]
[SourceVersionDate "2010.07.15"]
[SourceQuality "1"]

1. d4 Nf6 2. Nf3 g6 3. c4 Bg7 4. Nc3 d5 5. e3 0-0 6. Qc2 c5 7. Bd2 cxd4 8. exd4 Nc6 9. Be3 Bf5 10. Qb3 Na5 11. Qb4 dxc4 12. Bxc4 Nxc4 13. Qxc4 Ng4 14. 0-0 e5 15. dxe5 Nxe3 16. fxe3 Bd3 17. Qb3 Bxf1 18. Rxf1 Qd3 19. e4 Rae8 20. Qxb7 Qe3+ 21. Kh1 Rb8 22. Qc6 Rxb2 23. Nd5 Qe2 24. Rg1 Kh8 25. Nf6 Qb5 26. Qc7 Qb7 27. Qd6 Rb6 28. Qd4 Bxf6 29. exf6 Rg8 30. Qe3 Rxf6 31. Qh6 Rb6 32. Qe3 f6 33. Qd4 h6 34. Qe3 Kh7 35. Qe1 Re8 36. Nh4 Qxe4 37. Qg3 Rb1 38. Qc7+ Re7 39. Qxe7+ Qxe7 40. Rxb1 Qe4 0-1

[Event "GER-ch U14 DEM"]
[Site "Oberhof"]
[Date "2010.05.27"]
[Round "5"]
[White "Knopf, Felix"]
[Black "Neef, Maximilian"]
[Result "1/2-1/2"]
[WhiteElo "1745"]
[BlackElo "2040"]
[PlyCount "88"]
[EventDate "2010.05.23"]
[EventType "swiss"]
[EventRounds "9"]
[EventCountry "GER"]
[SourceTitle "CBM 136 Extra"]
[Source "ChessBase"]
[SourceDate "2010.07.02"]
[SourceVersion "2"]
[SourceVersionDate "2010.07.15"]
[SourceQuality "1"]

1. d4 e6 2. c4 f5 3. Nc3 Nf6 4. Nf3 d5 5. Bf4 c6 6. e3 Be7 7. Qc2 0-0 8. Bd3 Bd7 9. 0-0 Be8 10. cxd5 cxd5 11. Qb3 b6 12. Nb5 Bxb5 13. Bxb5 a6 14. Bd3 Nh5 15. Be5 g5 16. Rac1 g4 17. Bc7 Qe8 18. Ne5 b5 19. a3 Nd7 20. Rc2 Nxe5 21. Bxe5 Rc8 22. Rfc1 Rc4 23. Bxc4 dxc4 24. Qc3 Nf6 25. Bxf6 Rxf6 26. e4 fxe4 27. Qg3 Qg6 28. Re2 Qg5 29. Rce1 Rf4 30. Qc3 Qd5 31. Qc2 Qxd4 32. Rxe4 Rxe4 33. Rxe4 Qd5 34. Rxg4+ Kh8 35. h3 Bf6 36. Re4 Qf5 37. Qe2 e5 38. Qg4 Qxg4 39. hxg4 Kg7 40. g5 Bxg5 41. Rxe5 Kf6 42. Re2 Kf5 43. g3 Bf6 44. f3 h5 1/2-1/2

[Event "GER-chT U14"]
[Site "Arendsee"]
[Date "2009.12.27"]
[Round "1.2"]
[White "Knopf, Felix"]
[Black "Eigemann, Frederik"]
[Result "0-1"]
[WhiteElo "1645"]
[BlackElo "1900"]
[PlyCount "100"]
[EventDate "2009.12.27"]
[EventType "team-swiss"]
[EventRounds "7"]
[EventCountry "GER"]
[SourceTitle "EXT 2022"]
[Source "ChessBase"]
[SourceDate "2021.10.06"]
[SourceVersion "1"]
[SourceVersionDate "2021.10.06"]
[SourceQuality "1"]
[WhiteTeam "Merseburg U14"]
[BlackTeam "Koeln Muelheim U14"]
[WhiteTeamCountry "GER"]
[BlackTeamCountry "GER"]

1. d4 Nf6 2. Nf3 e6 3. c4 c5 4. Nc3 cxd4 5. Nxd4 b6 6. Bf4 a6 7. e3 Bb7 8. Nf3 d6 9. Be2 Be7 10. h3 Qc7 11. 0-0 Nbd7 12. Rc1 0-0 13. Qd2 Nc5 14. b4 Nce4 15. Nxe4 Nxe4 16. Qb2 Rfd8 17. Rc2 Rac8 18. Rfc1 Qd7 19. Rd1 Qe8 20. a3 Bf6 21. Qb3 Bc6 22. b5 axb5 23. cxb5 Bd5 24. Bc4 Bxc4 25. Rxc4 d5 26. Rcc1 Nc3 27. Re1 Ne2+ 28. Rxe2 Rxc1+ 29. Kh2 Rc3 30. Qb4 Rdc8 31. a4 Qd7 32. a5 Be7 33. Qb2 R3c5 34. Ne5 Qxb5 35. axb6 Bd6 36. b7 Rb8 37. Qxb5 Rxb5 38. Nc6 Bxf4+ 39. exf4 R8xb7 40. f5 Rb2 41. Re1 Rxf2 42. fxe6 fxe6 43. Ne5 Rbb2 44. Ng4 Rxg2+ 45. Kh1 Rg3 46. Ne3 Rxh3+ 47. Kg1 Rg3+ 48. Kh1 Rb4 49. Ng2 Rbg4 50. Re2 Rxg2 0-1

[Event "GER-chT DLM U20"]
[Site "Wismar"]
[Date "2009.10.03"]
[Round "7"]
[White "Knopf, Felix"]
[Black "Zimmer, Ketsarrin"]
[Result "0-1"]
[WhiteElo "1667"]
[BlackElo "1728"]
[PlyCount "62"]
[EventDate "2009.09.30"]
[EventType "team-swiss"]
[EventRounds "7"]
[EventCountry "GER"]
[SourceTitle "CBM 132 Extra"]
[Source "ChessBase"]
[SourceDate "2009.11.03"]
[SourceVersion "1"]
[SourceVersionDate "2009.11.03"]
[SourceQuality "1"]
[WhiteTeam "Sachsen Anhalt U20"]
[BlackTeam "Rheinland Pfalz U20"]
[WhiteTeamCountry "GER"]
[BlackTeamCountry "GER"]

1. d4 Nf6 2. Nf3 d5 3. c4 e6 4. Nc3 b6 5. cxd5 Nxd5 6. e4 Nf6 7. Bg5 Be7 8. Bb5+ c6 9. Bd3 Bb7 10. 0-0 h6 11. Bf4 Nbd7 12. Rc1 Rc8 13. Re1 g5 14. Bg3 Nh5 15. d5 Nc5 16. Bc4 Nxg3 17. hxg3 b5 18. Bf1 a6 19. b4 Nd7 20. d6 Bf6 21. e5 Bg7 22. Qd4 c5 23. bxc5 Bxf3 24. gxf3 Rxc5 25. f4 gxf4 26. gxf4 Rg8 27. Bg2 Rc4 28. Qd3 Rxf4 29. Qh7 Kf8 30. Qc2 Bxe5 31. Kf1 Bxd6 0-1

[Event "GER-chT DLM U20"]
[Site "Wismar"]
[Date "2009.10.01"]
[Round "4"]
[White "Wulf, Constanze"]
[Black "Knopf, Felix"]
[Result "0-1"]
[WhiteElo "1276"]
[BlackElo "1667"]
[PlyCount "88"]
[EventDate "2009.09.30"]
[EventType "team-swiss"]
[EventRounds "7"]
[EventCountry "GER"]
[SourceTitle "CBM 132 Extra"]
[Source "ChessBase"]
[SourceDate "2009.11.03"]
[SourceVersion "1"]
[SourceVersionDate "2009.11.03"]
[SourceQuality "1"]
[WhiteTeam "Mecklenburg-Vorpommern U20 II"]
[BlackTeam "Sachsen Anhalt U20"]
[WhiteTeamCountry "GER"]
[BlackTeamCountry "GER"]

1. d4 d5 2. Bf4 Nf6 3. Nf3 c6 4. e3 Nbd7 5. Bd3 e6 6. c4 dxc4 7. Bxc4 b5 8. Bd3 a6 9. Nbd2 Bb7 10. h3 c5 11. dxc5 Nxc5 12. Be2 Be7 13. 0-0 0-0 14. Bh2 Rc8 15. b4 Nce4 16. Nxe4 Nxe4 17. a3 Nc3 18. Qc2 Be4 19. Qb2 Bf6 20. Rac1 Nxe2+ 21. Qxe2 Bd3 22. Rxc8 Bxe2 23. Rxd8 Rxd8 24. Re1 Bxf3 25. gxf3 Bb2 26. Bc7 Rd7 27. Ba5 f6 28. Re2 Bxa3 29. Rc2 Rd1+ 30. Kg2 Rb1 31. Rc6 Bxb4 32. Bxb4 Rxb4 33. Rxa6 Kf7 34. Rb6 h5 35. Rb7+ Kg6 36. f4 Rb2 37. Kg3 b4 38. Rb6 b3 39. Rxe6 Kf5 40. Rb6 Ke4 41. Re6+ Kd5 42. Re8 Rc2 43. Rd8+ Kc4 44. Rc8+ Kd3 0-1